Muscle pain, myofascial pain and fibromyalgia

Bibliographic Details
Format: Article
Language:Slovak
ISSN:1210-0366
Subjects:

MARC

LEADER 00000nab a2200000 a 4500
001 vtls000751030
003 SK-MaSNL
005 20260304142945.0
008 250505c2000 xo 0 slo
015 |a SNBRB2001/03-08168 
035 |a CLN000102825 
035 |a urn:nbn:sk:snk-ab7adm 
035 |a (uuid)3f6ebbba-6925-4df6-b65c-f8bf45ff18d7 
035 |a (urnnbn)urn:nbn:sk:snk:ar-a07dif 
035 |a (sysno)vtls000751030 
040 |a SNKBUCL  |b slo  |c SNKBUCL  |e AACR2 
041 0 |a slo 
044 |a xo  |c SK 
080 |a 616.74-009.7(048)  |2 1997 
080 |a 616.8-009.7  |2 1997 
080 |a 616-009.7  |2 1997 
245 0 0 |a Muscle pain, myofascial pain and fibromyalgia 
650 0 7 |a bolesť svalová  |x bolesť myofasciálna  |x fibromyalgia  |x monografie  |x recenzie  |2 snkbucl  |9 1463123 
650 0 7 |a fibromyalgia  |2 snkbucl  |9 18055 
650 0 7 |a syndróm myofasciálnej bolesti  |2 snkbucl  |9 204790 
655 7 |a články z novín a časopisov  |2 snkbucl  |9 267496 
773 0 |t Eurorehab  |g Roč. 10, č. 4 (2000), s. 229  |x 1210-0366 
787 0 8 |i Rec.:  |a Vecchiet, L.  |t Muscle pain, myofascial pain and fibromyalgia  |d Binghampton : The Haworth Medical Press, 1999  |z 0789008289 
850 |a Slovenská národná knižnica 
852 |a Slovenská národná knižnica 
954 |a odborná, vedecká literatúra pôvodná (slovenská)  |2 lita 
958 |a article27 
958 |a OND 
958 |a MI 
958 |a RC 
958 |a EUIPO 
992 |a RBX 
999 |c 2923902  |d 2925832